01663nam a2200421 a 4500001001000000003000500010005001700015008004100032010001100073011001100084040000900095090001000104100003900114245015300153260004100306500006000347502007700407590004100484590004100525590004000566590004000606590004000646590004000686590004000726590004000766650003500806650003100841650003200872650003600904650003100940650002700971856007000998901000701068942001001075942000601085999001901091952013101110000115129CHAP20220329144517.0181018s2018 mx a sm |||||||spa d a111590 a112562 cCHAP aTesis1 aPerez Viveros, Luis Canek.913599210aRespuesta de dos genotipos de maíz de temporal a tres fuentes de nutrimentos en Teotitlán, Oaxaca /h[En línea]cpor Luis Canek Perez Viveros. aChapingo, Méx. :bEl autor,c2018. aPara ver el contenido del material haga clic en la liga aTesis (Ing. Agr. Esp. en Fitotecnia) -- UACH. Departamento de Fitotecnia aBATCH-UPDb10c20190610lUCH01h1207 aE11695DGDb10c20190610lUCH01h1206 aE8697GMMb05c20181018lUCH01h1423 aE8697GMMb05c20181018lUCH01h1426 aE8697GMMb05c20181018lUCH01h1428 aE8697GMMb05c20181019lUCH01h1130 aE8697GMMb05c20181203lUCH01h0847 aE8697GMMb05c20190516lUCH01h153214aAgricultura de temporal.9199914aMaízxHíbridos.97097414aMaízxRendimiento.97105114aMaízxValor nutritivo.97108014aMaízxVariedades.97108114aMaízzOaxaca.971100 aFinding aiduhttp://10.13.5.2/tesis/sist115129.pdfzTeclea aquí aBK cTESIS n0 c111590d111590 00104054718TESISaBCbBCd2018-10-18fTESISl0oTesisp115138-10r2019-12-31 00:00:00w2019-12-31yTESISzRecien adquirido